| 000 | 00547cam a2200169 a 4500 | ||
|---|---|---|---|
| 001 | 000015630 | ||
| 005 | 20200929164110.0 | ||
| 008 | 931015s1981 xxu 000 0 spa | ||
| 020 | _a0871392739 | ||
| 040 |
_aDO-SdBNP _bspa _cBNPHU |
||
| 082 |
_axxx _bxxx |
||
| 100 | 1 |
_aMontesinos Berrio, Roberto. _935225 |
|
| 245 | 1 | 0 |
_aAmor y psicologia : _bno apto para menores / _cRoberto Montesinos Berrio; prólogo, José L. Morales. |
| 260 |
_aNew York : _bEdiciones ABRA, _c1981. |
||
| 300 |
_ax, 245 p. ; _c22 cm. |
||
| 504 | _aIncluye biografía del autor | ||
| 999 |
_c15183 _d15183 |
||